Statistics for Counties of Ireland 1 Minute Sprint

Click here to take the quiz!

General Stats

  • This quiz has been taken 1,182 times
  • The average score is 22 of 32

Answers on the Map

Answers color-coded by a green-red scale on the quiz's map according to % correct below.
 

Answer Stats

County% Correct
Cork
93%
Dublin
90%
Galway
87%
Kerry
86%
Mayo
83%
Donegal
81%
Antrim
77%
Wexford
77%
Clare
75%
Derry /
Londonderry
75%
Sligo
75%
Waterford
75%
Limerick
74%
Meath
74%
Down
73%
Westmeath
67%
Louth
66%
Wicklow
66%
Armagh
65%
Cavan
62%
Kilkenny
62%
Roscommon
62%
Tipperary
59%
Tyrone
59%
Kildare
58%
Leitrim
58%
Fermanagh
57%
Carlow
56%
Offaly
55%
Laois
54%
Monaghan
52%
Longford
48%

Score Distribution

Percentile by Number Answered

Percent of People with Each Score

Your Score History

You have not taken this quiz